Vplyv obalových vrstiev na primárne parametre prenosového prvku páskového kábla : Kand.diz.práca : V.odb. 26-01-9 : Obh. 11.04.1990 /

Guardado en:
Detalles Bibliográficos
Autor principal: Švec, Juraj (Autor)
Otros Autores: Kováts, Karol (Orientador)
Formato: Manuscrito Libro
Publicado: Bratislava : Kablo, kombinátny podnik, 1989
Materias:
Etiquetas: Agregar Etiqueta
Sin Etiquetas, Sea el primero en etiquetar este registro!

MARC

LEADER 00000ntm a22000003a 4500
001 stu4341
005 20150617225809.8
008 ------s1989----------------------------d
040 |a STU  |b slo 
041 0
100 1 |a Švec, Juraj  |4 aut 
245 1 |a Vplyv obalových vrstiev na primárne parametre prenosového prvku páskového kábla :  |b Kand.diz.práca : V.odb. 26-01-9 : Obh. 11.04.1990 /  |c [aut.] řvec,Juraj, Ing.; Škol. Kováts,Karol 
260 |a Bratislava :  |b Kablo, kombinátny podnik,  |c 1989 
300 |a 108 s  |c Autoref.1989, 17 s 
650 7 |a elektrotechnológia  |2 stusub 
650 7 |a prenosové vedenia  |2 stusub 
700 1 |a Kováts, Karol  |4 ths 
996 |b 284ED00746  |c E*KDIZ-613  |l EE01  |s A  |a 24  |w stu4341_0001